Ciro el grande (Record no. 145684)
[ view plain ]
| 000 -LEADER | |
|---|---|
| fixed length control field | 00696nam a22002057a 4500 |
| 005 - DATE AND TIME OF LATEST TRANSACTION | |
| control field | 20250207104949.0 |
| 008 - FIXED-LENGTH DATA ELEMENTS--GENERAL INFORMATION | |
| fixed length control field | 250207b ag ||||| |||| 00| 0 spa d |
| 050 04 - LIBRARY OF CONGRESS CALL NUMBER | |
| Classification number | DS282 |
| Item number | L36 1966 |
| 100 1# - MAIN ENTRY--PERSONAL NAME | |
| Personal name | Lamb, Harold. |
| 240 10 - UNIFORM TITLE | |
| Uniform title | Cyrus the great. |
| Language of a work | Español. |
| 245 10 - TITLE STATEMENT | |
| Title | Ciro el grande |
| Statement of responsibility, etc | / Harold Lamb ; traducción del inglés Federico López Cruz. |
| 250 ## - EDITION STATEMENT | |
| Edition statement | 1a ed. |
| 260 ## - PUBLICATION, DISTRIBUTION, ETC. (IMPRINT) | |
| Place of publication, distribution, etc | Buenos Aires, Argentina : |
| Name of publisher, distributor, etc | Editorial de Ediciones Selectas, |
| Date of publication, distribution, etc | 1966. |
| 300 ## - PHYSICAL DESCRIPTION | |
| Extent | 317 p. : |
| Other physical details | il. ; |
| Dimensions | 20 cm. |
| 600 10 - SUBJECT ADDED ENTRY--PERSONAL NAME | |
| Personal name | Ciro el grande, |
| Dates associated with a name | 530 B.C. - 529 B.C. |
| Title of a work | Rey de Persia, |
| 650 #4 - SUBJECT ADDED ENTRY--TOPICAL TERM | |
| Topical term or geographic name as entry element | Imperio persa |
| 651 #7 - SUBJECT ADDED ENTRY--GEOGRAPHIC NAME | |
| Source of heading or term | lemb |
| Geographic name | Asia |
| General subdivision | Historia |
| 700 1# - ADDED ENTRY--PERSONAL NAME | |
| Personal name | López Cruz, Federico, |
| Relator term | traductor |
| 942 ## - ADDED ENTRY ELEMENTS (KOHA) | |
| Source of classification or shelving scheme | Biblioteca del Cogreso de los Estados Unidos |
| Koha item type | Libro |
| Estado de pérdida | Fuente de clasificación | Estado del daño | No para préstamo | Ubicación permanente | Ubicación actual | Apartado o colección | Fecha de adquisición | Edición | Área del conocimiento | Total Checkouts | Clasificación | Código de Barras | Date last seen | Número de copia | Costo por reposición | Tipo de recurso |
|---|---|---|---|---|---|---|---|---|---|---|---|---|---|---|---|---|
| Biblioteca del Cogreso de los Estados Unidos | Biblioteca de la Preparatoria Ing. Pascual Ortiz Rubio | Biblioteca de la Preparatoria Ing. Pascual Ortiz Rubio | General | 07/02/2025 | 1a ed. | Ciencias Sociales y Administrativas | DS282 L36 1966 | PPO000007561 | 07/02/2025 | 1 | 1.00 | Libro |